All Time Leader in Buzzer-Beater/s in RS + P by Every NBA Team - Statistics

General Stats
  • This quiz has been taken 2 times
  • The average score is 19 of 54
Answer Stats
Buzzer Beater/s Team Answer % Correct
3 Portland Trail Blazers Damian Lillard
100%
3 Portland Trail Blazers Damian Lillard
100%
3 Phoenix Suns Devin Booker
100%
Dirk Nowitzki
100%
5 Miami Heat Dwyane Wade
100%
5 Utah Jazz John Stockton
100%
3 Oklahoma City Thunder Kevin Durant
100%
8 Los Angeles Lakers Kobe Bryant
100%
6 Cleveland Cavaliers LeBron James
100%
3 Dallas Mavericks Luka Dončić
100%
8 Chicago Bulls Michael Jordan
100%
3 Philadelphia 76ers Andre Iguodala
50%
1 New Orleans Pelicans Anthony Davis
50%
4 Detroit Pistons Bill Laimbeer
50%
Blake Griffin
50%
Carmelo Anthony
50%
Chris Paul
50%
David West
50%
3 Houston Rockets Hakeem Olajuwon
50%
2 Los Angeles Clippers Kawhi Leonard
50%
4 Boston Celtics Larry Bird
50%
2 Denver Nuggets Nikola Jokić
50%
Peja Stojaković
50%
2 Indiana Pacers Reggie Miller
50%
3 San Antonio Spurs Tim Duncan
50%
2 Toronto Raptors Vince Carter
50%
Walter Davis
50%
Arnie Johnson
0%
Buddy Hield
0%
4 New York Knicks Carl Braun
0%
4 Atlanta Hawks Cliff Hagan
0%
David Wesley
0%
Desmond Mason
0%
Devonte' Graham
0%
Dolph Schayes
0%
5 Washington Wizards Gilbert Arenas
0%
2 Sacramento Kings Harrison Barnes
0%
Jack Coleman
0%
Jamaal Magloire
0%
Jamal Mashburn
0%
James Posey
0%
2 Charlotte Hornets Kemba Walker
0%
Kurt Rambis
0%
Mahmoud Abdul-Rauf
0%
Moochie Norris
0%
Rasual Butler
0%
Reggie Theus
0%
3 Golden State Warriors Rick Barry
0%
Rik Smits
0%
Robert Traylor
0%
3 Memphis Grizzlies Rudy Gay
0%
3 Milwaukee Bucks Sidney Moncrief
0%
3 Milwaukee Bucks Sidney Moncrief
0%
3 Orlando Magic Tobias Harris
0%
No matching quizzes found
Score Distribution
Percent of People with Each Score
Percentile by Number Answered
Your Score History
You have not taken this quiz